000 00709nam a2200265Ia 4500
005 20260121170621.0
008 008 260114s9999 xx 000 0 eng d
020 _a9783319937946
037 _aEBOOK
040 _aCRL
040 _beng
040 _cCRL
041 _2eng
041 _aeng
084 _qCRL
100 _aSachiyo Arai, Kazuhiro Kojima, Koji Mineshima, Daisuke Bekki, Ken Satoh, Yuiko Ohta
_91066086
245 0 _aNew Frontiers in Artificial Intelligence
260 _bSpringer
260 _bSpringer
260 _c2018
856 _uhttps://link.springer.com/openurl?genre=book&isbn=978-3-319-93794-6
942 _cEBOOK
999 _c1631816
_d1631816